000 00343 a2200157 4500
001 183413
020 _a85-329-0207-3
040 _cMagnum
100 _aLima, Norma Sofia Coelho de
240 1 0 _aElê... o quê?
_lpor
245 1 0 _aElê... o quê?
300 _a15
440 1 _a
697 _aLITERATURA INFANTO-JUVENIL
942 _cBK
999 _c183413
_d183413